<?xml version="1.0" encoding="UTF-8"?>
<record
    xmlns:xsi="http://www.w3.org/2001/XMLSchema-instance"
    xsi:schemaLocation="http://www.loc.gov/MARC21/slim http://www.loc.gov/standards/marcxml/schema/MARC21slim.xsd"
    xmlns="http://www.loc.gov/MARC21/slim">

  <leader>03063nam a22001697a 4500</leader>
  <controlfield tag="008">170728b        xxu||||| |||| 00| 0 eng d</controlfield>
  <datafield tag="020" ind1=" " ind2=" ">
    <subfield code="a">9781482248456</subfield>
  </datafield>
  <datafield tag="050" ind1=" " ind2=" ">
    <subfield code="a">RS57.L34</subfield>
  </datafield>
  <datafield tag="100" ind1=" " ind2=" ">
    <subfield code="a">Lapham, Robert.</subfield>
  </datafield>
  <datafield tag="245" ind1=" " ind2=" ">
    <subfield code="a">Drug calculations for nurses: a step-by-step approach. /</subfield>
    <subfield code="c">Robert Lapham.</subfield>
  </datafield>
  <datafield tag="250" ind1=" " ind2=" ">
    <subfield code="a">4th ed.</subfield>
  </datafield>
  <datafield tag="260" ind1=" " ind2=" ">
    <subfield code="a">London:</subfield>
    <subfield code="b">Taylor &amp; Francis Group,</subfield>
    <subfield code="c">2015.</subfield>
  </datafield>
  <datafield tag="300" ind1=" " ind2=" ">
    <subfield code="a">xxvi, 308p.:</subfield>
    <subfield code="b">ill.;</subfield>
    <subfield code="c">20cm.</subfield>
  </datafield>
  <datafield tag="500" ind1=" " ind2=" ">
    <subfield code="a">Includes index.</subfield>
  </datafield>
  <datafield tag="505" ind1=" " ind2=" ">
    <subfield code="a">Contents: Mathematics: Basics: Introduction -- Arithmetic symbols -- Basic maths -- Rules of arithmetic -- Fractions and decimals -- Roman numerals -- Powers or exponentials -- First principles: Sense of number and the use of calculators or formulae -- Estimation of answers -- The 'one unit' rule -- Checking your answer - does it seem reasonable? -- Putting it all together -- Minimizing errors -- Per cent and percentages: Introduction -- Per cent and percentages -- Converting fractions to percentages and vice versa -- Converting decimals to percentages and vice versa -- Calculations involving percentages -- Drug calculations involving percentages -- How to use the per cent key on your calculator -- Units and equivalences: Introduction -- SI units -- Prefixes used in clinical practice -- Equivalences -- Conversion from one unit to another -- Guide to writing units -- Moles and millimoles: Introduction -- What are moles and millimoles? -- Millimoles and micromoles -- Drug strengths or concentrations: Introduction -- Percentage concentration -- mg/mL concentrations -- 'I in ...' concentrations or ratio strengths -- Parts per million (ppm) -- Drugs expressed in units -- Performing calculations: Dosage calculations: Introduction -- Calculating the number of tablets or capsules required -- Drug dosages based on patient parameters -- Ways of expressing doses -- Calculating drug dosages -- Displacement values or volumes -- Prescriber calculations -- Infusion rate calculations: Introduction -- Drip rate calculations (drops/min) -- Conversion of dosages to mL/hour -- Conversion of mL/hour back to a dose -- Calculating the length of time for IV infusions -- Administering medicines: Intravenous therapy and infusion devices: IV infusion therapy -- Answers -- Infusion devices -- Infusion device classification -- Action and administration of medicines: Action and administration of medicines -- Introduction  -- Pharmacokinetics and pharmacodynamics -- Administration of medicines -- Promoting the safer use of injectable medicines -- Children and medicines: Introduction -- Drug handling in children -- Pharmacodynamics -- Routes of administration of drugs -- Practical implications -- Useful reference books -- Approzimate values useful in the calculation of doses in children -- The Elderly and medicines: Introduction -- Drug handling in the elderly -- Specific problems in the elderly -- General principles -- Sources and interpretation of drug information: Introduction -- Sources of drug information -- The Internet -- Summary of product characteristics (SPC).</subfield>
  </datafield>
  <datafield tag="942" ind1=" " ind2=" ">
    <subfield code="2">lcc</subfield>
    <subfield code="c">BK</subfield>
  </datafield>
  <datafield tag="999" ind1=" " ind2=" ">
    <subfield code="c">6447</subfield>
    <subfield code="d">13947</subfield>
  </datafield>
  <datafield tag="952" ind1=" " ind2=" ">
    <subfield code="0">0</subfield>
    <subfield code="1">0</subfield>
    <subfield code="2">lcc</subfield>
    <subfield code="4">0</subfield>
    <subfield code="7">0</subfield>
    <subfield code="8">NFIC</subfield>
    <subfield code="a">WIUC-1</subfield>
    <subfield code="b">WIUC-1</subfield>
    <subfield code="c">NURS L.</subfield>
    <subfield code="d">2017-07-28</subfield>
    <subfield code="l">0</subfield>
    <subfield code="o">RS57.L34</subfield>
    <subfield code="p">NURS/276/17</subfield>
    <subfield code="r">2017-07-28 00:00:00</subfield>
    <subfield code="t">1</subfield>
    <subfield code="w">2017-07-28</subfield>
    <subfield code="y">BK</subfield>
  </datafield>
</record>
